| 000 | 00699nam a2200181Ia 4500 | ||
|---|---|---|---|
| 008 | 100921s9999 xx 000 0 und d | ||
| 082 |
_b27401 _a550 थ 94 |
||
| 100 | _aआपटे मोहन. | ||
| 245 | _aडळमळले भूमंडळ. | ||
| 260 |
_bमोरया प्रकाशन, मुंबई. _c1994 |
||
| 300 |
_a155 _bरसिक साहित्य,पुणे |
||
| 365 | _b50 | ||
| 520 | _aविज्ञान-भौमिक शास्त्रे. | ||
| 630 | _aडळमळले भूमंडळ. | ||
| 650 | _aविज्ञान-भौमिक शास्त्रे. | ||
| 730 | _aडळमळले भूमंडळ. | ||
| 942 | _cBOOK | ||
| 999 |
_c776514 _d776511 |
||